000
002330000a22001210004500
020
_a
0-7678-4043-7
041
0
_a
eng
082
0
4
_a
V 029
110
1
_a
Columbia Pictures
245
1
0
_a
Muppets from Space
001
1121
942
_c
LGB
999
_c
48296
_d
48296